| Tag |
First Indicator |
Second Indicator |
Subfields |
| LEADER |
00000cam a2200000 a 4500 |
| 001 |
in00001024092 |
| 005 |
20150928121116.0 |
| 008 |
890622s1989 mnua 0001 eng |
| 010 |
|
|
|a 89012595
|
| 020 |
|
|
|a 0915943417 :
|c $9.95
|
| 035 |
|
|
|a (OCoLC)20015082
|
| 035 |
|
|
|9 AFF8969AM
|
| 040 |
|
|
|a DLC
|c DLC
|d TXA
|d UtOrBLW
|
| 043 |
|
|
|a f------
|
| 049 |
|
|
|a TXAM
|
| 050 |
0 |
0 |
|a PS3554.R438
|b B55 1989
|
| 082 |
0 |
0 |
|a 813/.54
|2 20
|
| 100 |
1 |
|
|a Drew, Eileen,
|d 1957-
|
| 245 |
1 |
0 |
|a Blue taxis :
|b stories about Africa /
|c by Eileen Drew ; foreword by Rosellen Brown ; designed and illustrated by R.W. Scholes.
|
| 264 |
|
1 |
|a Minneapolis, Minn. :
|b Milkweed Editions,
|c 1989.
|
| 300 |
|
|
|a 155 pages :
|b illustrations ;
|c 23 cm.
|
| 336 |
|
|
|a text
|b txt
|2 rdacontent
|
| 337 |
|
|
|a unmediated
|b n
|2 rdamedia
|
| 338 |
|
|
|a volume
|b nc
|2 rdacarrier
|
| 651 |
|
0 |
|a Africa
|v Fiction.
|
| 999 |
|
|
|a MARS
|
| 999 |
f |
f |
|s d599f1c5-1475-3c43-bee2-4a2c01dc5ac2
|i d02da5a2-5a93-34c4-9ad2-cd3e29323d08
|t 0
|
| 952 |
f |
f |
|p ric
|a Texas A&M University
|b Rellis Campus
|c Joint Library Facility
|d Remote Storage
|t 0
|e PS3554.R438 B55 1989
|h Library of Congress classification
|i unmediated -- volume
|m A14809467654
|
| 998 |
f |
f |
|a PS3554.R438 B55 1989
|t 0
|l Remote Storage
|